ARRUPE JESUIT UNIVERSITY

CORONAVIRUS -STOP THE SPREAD - CLEAN,DISINFECT,COVER

Scepticism / (Record no. 5893)

MARC details
000 -LEADER
fixed length control field 00928cam a22002894a 4500
001 - CONTROL NUMBER
control field 13078595
005 - DATE AND TIME OF LATEST TRANSACTION
control field 20170802103953.0
008 - FIXED-LENGTH DATA ELEMENTS--GENERAL INFORMATION
fixed length control field 011206s2001 enk b 000 0 eng
010 ## - LIBRARY OF CONGRESS CONTROL NUMBER
LC control number 2003386838
020 ## - INTERNATIONAL STANDARD BOOK NUMBER
International Standard Book Number 1902683455
020 ## - INTERNATIONAL STANDARD BOOK NUMBER
International Standard Book Number 1902683463 (pbk.)
035 ## - SYSTEM CONTROL NUMBER
System control number (UkLWHE)b000146558
040 ## - CATALOGING SOURCE
Original cataloging agency DLC
Transcribing agency DLC
042 ## - AUTHENTICATION CODE
Authentication code pcc
050 00 - LIBRARY OF CONGRESS CALL NUMBER
Classification number B837
Item number .G37 2002
100 1# - MAIN ENTRY--PERSONAL NAME
Personal name Gascoigne, Neil.
9 (RLIN) 34387
245 10 - TITLE STATEMENT
Title Scepticism /
Statement of responsibility, etc Neil Gascoigne.
260 ## - PUBLICATION, DISTRIBUTION, ETC. (IMPRINT)
Place of publication, distribution, etc Chesham :
Name of publisher, distributor, etc Acumen,
Date of publication, distribution, etc 2002.
300 ## - PHYSICAL DESCRIPTION
Extent 218 p. ;
Dimensions 20 cm.
440 #0 - SERIES STATEMENT/ADDED ENTRY--TITLE
Title Central problems of philosophy
9 (RLIN) 14835
504 ## - BIBLIOGRAPHY, ETC. NOTE
Bibliography, etc Includes bibliographical references (p. [207]-212).
650 #0 - SUBJECT ADDED ENTRY--TOPICAL TERM
Topical term or geographic name as entry element Skepticism.
9 (RLIN) 499
906 ## - LOCAL DATA ELEMENT F, LDF (RLIN)
a 7
b cbc
c origres
d 2
e ncip
f 20
g y-gencatlg
942 ## - ADDED ENTRY ELEMENTS (KOHA)
Source of classification or shelving scheme Library of Congress Classification
Item type Monograph ( Printed materials)
Holdings
Withdrawn status Lost status Source of classification or shelving scheme Damaged status Not for loan Collection code Home library Current library Shelving location Date acquired Total Checkouts Full call number Barcode Date last seen Date last borrowed Copy number Price effective from Koha item type
    Library of Congress Classification     Main Collection ARRUPE LIBRARY ARRUPE LIBRARY   27/02/2013 12 B837.G37 2002 46407950 12/03/2019 11/02/2019 1 27/02/2013 Monograph ( Printed materials)

 

Arrupe Library. PO Box MP320 Mt Pleasant, Harare, Zimbabwe
263 242 745411|librarian@aju.ac.zw